000 00381nam a22001577a 4500
020 _a9780070669116
082 _a621.381 JAI
100 _aJain, R.P.
245 _aModern digital electronics
250 _a4th ed.
260 _aNew Delhi, India
_bMcGraw Hill
_c2010
300 _axvi, 712 p.
_bill. ;
500 _aIncludes index.
650 _aDigital electronics.
942 _cBK
999 _c12528
_d12528